01176nam a2200265 a 4500001001000000005001700010008004100027041000800068044000800076084002200084100004500106245021700151260005200368300008700420500005100507546002400558650005200582650005600634650003400690650004500724700003900769700003100808700002100839740005000860BRCA_845720190320210305.0031215m19061907nyua######---#000-0#eng-# aeng anyu aPQ6323b.C47 19061 aCervantes Saavedra, Miguel ded1547-161610aThe History of the Valorous and Witty Knight-Errant Don Quixote of the Manchacby Miguel de Cervantes ; translated by Thomas Shelton ; the illustrations by Daniel Vierge ; with an introduction by Royal Cortissoz. aNueva YorkbCharles Scribner´s Sonsc1906-1907 a3 v.bil.c26 cm.eportafolio complementario con ilustraciones a página completa aLibros donados por el C.P. Eduardo Creel, 1984 aTexto en : inglés14aNovela españolayÉpoca clásica, 1500-170014aLiteratura españolayÉpoca clásica, 1500-170014aNovela españolaySiglo XVII14aDon Quijote (Personaje ficticio)eNovela1 aShelton, Thomasd?-1626eTraductor1 aVierge, DanieleIlustrador1 aCortissoz, Royal0 aEl Ingenioso Hidalgo Don Quijote de la Mancha